Sistema de información de salud rural. Diagnóstico

Tallennettuna:
Bibliografiset tiedot
Päätekijä: Bron Steinberg, Tobel
Aineistotyyppi: Kirja
Julkaistu: [San José , Costa Rica] 1977
Tagit: Lisää tagi
Ei tageja, Lisää ensimmäinen tagi!

MARC

LEADER 00000nam a2200000Ia 4500
003 007101
005 20221231144313.0
008 140114s1977 cr a m 000 ||s d
040 |c cru CEDI 
090 |a TFG 2859 
100 |a Bron Steinberg, Tobel  |9 11912 
245 |a Sistema de información de salud rural. Diagnóstico 
260 |c 1977  |a  [San José , Costa Rica] 
300 |a 108[57]hojas : ilustraciones  
500 |a Proyecto de graduación. Universidad de Costa Rica. Facultad de Ingeniería. Escuela de Ingeniería Industrial. 
942 |c TFG 
999 |c 19849  |d 19849